The rival philosophies of Jesus and Paul : (Record no. 31757)
[ view plain ]
| 000 -LEADER | |
|---|---|
| fixed length control field | 00925nam a22002412 4500 |
| 001 - CONTROL NUMBER | |
| control field | 31757 |
| 003 - CONTROL NUMBER IDENTIFIER | |
| rucl marc code | BD-RjUL |
| 005 - DATE AND TIME OF LATEST TRANSACTION | |
| control field | 20211209051738.0 |
| 008 - FIXED-LENGTH DATA ELEMENTS--GENERAL INFORMATION | |
| fixed length control field | 140422s1923 enk 000 0 eng d |
| 035 ## - SYSTEM CONTROL NUMBER | |
| System control number | OCLC ocm03476580 from D961104M |
| -- | (BD-RjUL)31845 |
| 040 ## - CATALOGING SOURCE | |
| Original cataloging agency | KAT |
| Transcribing agency | KAT |
| Modifying agency | EQO |
| -- | BD-RjUL |
| Language of cataloging | eng |
| 041 ## - LANGUAGE CODE | |
| Language code of text/sound track or separate title | eng |
| 082 00 - DEWEY DECIMAL CLASSIFICATION NUMBER | |
| Classification number | 232.9 |
| Author mark and year | SIR 1923 |
| 090 ## - LOCALLY ASSIGNED LC-TYPE CALL NUMBER (OCLC); LOCAL CALL NUMBER (OCLC) | |
| Classification number (OCLC) (R) ; Classification number, CALL (RLIN) (NR) | BS2653 |
| Local cutter number (OCLC) ; Book number/undivided call number, CALL (RLIN) | .S5 1923 |
| 100 1# - MAIN ENTRY--PERSONAL NAME | |
| Personal name | Singer, Ignatius. |
| 9 (RLIN) | 96652 |
| 245 14 - TITLE STATEMENT | |
| Title | The rival philosophies of Jesus and Paul : |
| Remainder of title | being an explanation of the failures of organized Christianity and a vindication of the teachings of Jesus, which are shown to contain a religion for all men and for all times / |
| Statement of responsibility, etc. | by Ignatius Singer. |
| 250 ## - EDITION STATEMENT | |
| Edition statement | 2d ed. |
| 260 ## - PUBLICATION, DISTRIBUTION, ETC. (IMPRINT) | |
| Place of publication, distribution, etc. | London : |
| Name of publisher, distributor, etc. | C. W. Daniel, |
| Date of publication, distribution, etc. | 1923. |
| 300 ## - PHYSICAL DESCRIPTION | |
| Pagination | 345 p. ; |
| Size | 22 cm. |
| 600 00 - SUBJECT ADDED ENTRY--PERSONAL NAME | |
| Personal name | Jesus Christ |
| General subdivision | Rationalistic interpretations. |
| 650 #0 - SUBJECT ADDED ENTRY--TOPICAL TERM | |
| Topical term or geographic name as entry element | Christianity |
| Form subdivision | Controversial literature. |
| 9 (RLIN) | 14306 |
| 942 ## - ADDED ENTRY ELEMENTS (KOHA) | |
| Source of classification or shelving scheme | Dewey Decimal Classification |
| Koha item type | Books |
| Lost status | Source of classification or shelving scheme | Damaged status | Not for loan | Permanent Location | Current Location | Shelving location | Date acquired | Source of acquisition | Cost, normal purchase price | Total Checkouts | Full call number | Date last seen | Copy number | Koha item type |
|---|---|---|---|---|---|---|---|---|---|---|---|---|---|---|
| Dewey Decimal Classification | Not For Loan | Central Library, University of Rajshahi | Central Library, University of Rajshahi | Reading Room | 10/11/1956 | Black Well | 10.00 | 232.9 SIR 1923 | 22/04/2014 | C-1 | Books |